| 000 | 00555nam a22001697a 4500 | ||
|---|---|---|---|
| 003 | OSt | ||
| 005 | 20171010095447.0 | ||
| 008 | 120619t xxu||||| |||| 00| 0 eng d | ||
| 040 |
_aMMSU _cULS |
||
| 100 |
_aCudal, Nelly Car C., et al. _910433 |
||
| 245 |
_aWireless basketball scoreboard _cNelly Car C. Cudal, et al. |
||
| 260 | _c2007 | ||
| 300 |
_axv, [179] leaves _c28 cm. |
||
| 500 | _aThesis (BS Computer Engineering) -- Mariano Marcos State University-College of Engineering, Batac City | ||
| 504 | _aBibliography: leaf 50 | ||
| 942 |
_2ddc _cTHEDIS |
||
| 999 |
_c9572 _d9572 |
||